| 000 | 00513nam a2200145 a 4500 | ||
|---|---|---|---|
| 001 | 000048556 | ||
| 005 | 20201002061233.0 | ||
| 008 | 190329s2017 dr a r 000 spa d | ||
| 020 | _a9789996169007 | ||
| 245 | 0 |
_aMi cuaderno de ejercicios : Constitución de la República Dominicana ... : _bconstitución de la República Dominicana, versión didáctica. |
|
| 260 |
_aSanto Domingo : _bMinisterio de Educación, _c2017. |
||
| 300 |
_av. : _bil. ; _c29 cm. |
||
| 590 | _aInventariado, 2019 / DG | ||
| 999 |
_c48044 _d48044 |
||
| 040 | _aDO-SdBNP | ||